[Event "JUG-ch52"]
[Site "Niksic"]
[Date "1997.??.??"]
[Round "8"]
[White "Markovic, Miroslav"]
[Black "Marinkovic, Ivan"]
[Result "1/2-1/2"]
[WhiteElo "2520"]
[BlackElo "2495"]
[PlyCount "106"]
[EventDate "1997.??.??"]
[Source "www.chesslib.no"]
[SourceDate "2004.05.04"]

1. e4 Nf6 2. e5 Nd5 3. c4 Nb6 4. c5 Nd5 5. Nc3 e6 6. d4 b6 7. cxb6 axb6 8. Nf3 Be7 9. Bd3 Ba6 10. Nxd5 exd5 11. O-O c6 12. Re1 Bxd3 13. Qxd3 Na6 14. Qf5 O-O 15. Qg4 Nc7 16. a4 Ne6 17. Bd2 Ra6 18. b3 c5 19. h4 Kh8 20. Rad1 f5 21. exf6 Bxf6 22. Be3 Qa8 23. h5 c4 24. h6 cxb3 25. Bg5 gxh6 26. Bxf6+ Rxf6 27. Ne5 Qg8 28. Qxg8+ Kxg8 29. Nxd7 Rg6 30. Ne5 Rf6 31. Re3 Rxa4 32. Rg3+ Kh8 33. Rxb3 Nxd4 34. Re3 Nc2 35. Rg3 Ra1 36. Rxa1 Nxa1 37. Rd3 b5 38. Rxd5 b4 39. Rb5 Nc2 40. Nd3 Rd6 41. Nxb4 Nxb4 42. Rxb4 Kg7 43. g3 Kg6 44. Kg2 Rf6 45. Rb7 h5 46. Rb4 Kg7 47. f4 Kg6 48. Kh3 Rf5 49. Kh4 Rc5 50. Rb6+ Kg7 51. Re6 Ra5 52. Re5 Rxe5 53. fxe5 Kg6 1/2-1/2

[Event "Nova Gorica op"]
[Site "Nova Gorica"]
[Date "1999.02.03"]
[Round "7"]
[White "Sveshnikov, Evgeny"]
[Black "Grosar, Aljosa"]
[Result "1/2-1/2"]
[WhiteElo "2563"]
[BlackElo "2450"]
[PlyCount "118"]
[EventDate "1999.01.28"]
[Source "ChessBase"]
[SourceDate "1999.03.01"]

1. e4 Nf6 2. e5 Nd5 3. c4 Nb6 4. c5 Nd5 5. Nc3 Nxc3 6. dxc3 Nc6 7. Nf3 d6 8. cxd6 exd6 9. Bf4 Nxe5 10. Nxe5 Qe7 11. Qh5 dxe5 12. Qxe5 c6 13. Bc4 Qxe5+ 14. Bxe5 Be6 15. Bxe6 fxe6 16. Rd1 Rd8 17. Rxd8+ Kxd8 18. Ke2 Rg8 19. Rd1+ Ke8 20. Rd3 Be7 21. c4 Bf6 22. Bb8 a6 23. Ba7 Rf8 24. b3 Rf7 25. Rd6 e5 26. f3 Rd7 27. Rxd7 Kxd7 28. Kd3 Ke6 29. Ke4 g6 30. Bb8 Bg7 31. Bc7 Bf6 32. g4 g5 33. Bb8 Bg7 34. Ba7 Bf6 35. Bb6 Be7 36. Bf2 Bf6 37. Bg3 Bg7 38. h4 gxh4 39. Bxh4 Bf8 40. Be1 Bh6 41. Bg3 Bg7 42. c5 a5 43. Be1 Bf8 44. Bxa5 Bxc5 45. Bc7 Bd6 46. Bxd6 Kxd6 47. b4 Ke6 48. g5 b5 49. f4 exf4 50. Kxf4 Kf7 51. Kg3 Ke6 52. Kf4 Kf7 53. Kf3 Kg6 54. Kg4 Kf7 55. Kh5 Ke6 56. Kh6 Kf5 57. a3 Kf4 58. Kh5 Kf5 59. Kh6 Kf4 1/2-1/2

[Event "Hungary HUN"]
[Site "?"]
[Date "2006.01.22"]
[Round "6"]
[White "Cao Sang"]
[Black "Varga Zoltan"]
[Result "1/2-1/2"]
[WhiteElo "2488"]
[BlackElo "2525"]
[PlyCount "70"]
[EventDate "2006.??.??"]
[Source "www.chesslib.no"]
[SourceDate "2004.05.04"]

1. e4 Nf6 2. e5 Nd5 3. Nc3 Nb6 4. d4 d6 5. Nf3 g6 6. Bf4 Bg7 7. Bb5+ Bd7 8. a4 a6 9. a5 axb5 10. axb6 Rxa1 11. Qxa1 cxb6 12. exd6 O-O 13. O-O exd6 14. Bxd6 Re8 15. Re1 Na6 16. Be5 f6 17. Bg3 Rxe1+ 18. Nxe1 Be8 19. Qd1 b4 20. Ne4 Bc6 21. Qd3 Qd5 22. Nd2 Qe6 23. Qe3 Kf7 24. Nd3 g5 25. h4 h6 26. hxg5 hxg5 27. b3 Bd5 28. Nc4 Bxc4 29. bxc4 Qxc4 30. Qe4 Nc5 31. Nxc5 bxc5 32. Qxb7+ Kg6 33. dxc5 Qxc2 34. Qxb4 Qd1+ 35. Kh2 Qh5+ 1/2-1/2

[Event "Petroff mem op"]
[Site "St Petersburg"]
[Date "2000.02.14"]
[Round "7"]
[White "Potkin, Vladimir"]
[Black "Neverov, Valeriy"]
[Result "0-1"]
[WhiteElo "2471"]
[BlackElo "2541"]
[PlyCount "76"]
[EventDate "2000.02.05"]
[Source "www.chesslib.no"]
[SourceDate "2004.05.04"]

1. e4 Nf6 2. e5 Nd5 3. c4 Nb6 4. c5 Nd5 5. Bc4 e6 6. d4 b6 7. cxb6 axb6 8. Ne2 d6 9. O-O Bb7 10. Qb3 dxe5 11. dxe5 Nd7 12. Qg3 Ne7 13. Nd4 c5 14. Nxe6 fxe6 15. Bxe6 Nc6 16. Be3 Qe7 17. Qh3 Nd4 18. Bxd4 cxd4 19. Na3 Nc5 20. Bg4 h5 21. Bf5 Kf7 22. Nb5 Qxe5 23. Rfe1 Qf6 24. b4 g6 25. Bc2 d3 26. bxc5 dxc2 27. Qd7+ Kg8 28. Qxb7 Rd8 29. Rac1 Bxc5 30. Rxc2 Rh7 31. Qe4 Rf7 32. Qe2 Rdf8 33. Rf1 Qg5 34. Qc4 Kh7 35. Nd4 Qg4 36. Ne6 Rxf2 37. Nxf8+ Rxf8+ 38. Rff2 Qxc4 0-1

[Event "Liechtenstein op"]
[Site "Liechtenstein"]
[Date "1996.??.??"]
[Round "6"]
[White "Rozentalis, Eduardas"]
[Black "Pribyl, Josef"]
[Result "1-0"]
[WhiteElo "2605"]
[BlackElo "2405"]
[PlyCount "83"]
[EventDate "1996.05.??"]
[Source "www.chesslib.no"]
[SourceDate "2004.05.04"]

1. e4 Nf6 2. e5 Nd5 3. g3 d6 4. exd6 cxd6 5. Bg2 Nf6 6. d4 g6 7. c4 Bg7 8. Nc3 O-O 9. Nge2 Nc6 10. O-O Bf5 11. h3 a6 12. b3 Rb8 13. Be3 h5 14. d5 Na5 15. Nd4 Bd7 16. a4 Qc8 17. Kh2 Kh7 18. Ra2 Qc7 19. Re1 Rfe8 20. Rae2 Rbd8 21. Qd3 Bc8 22. f4 e5 23. dxe6 fxe6 24. Ne4 Nxe4 25. Bxe4 Qf7 26. Nf3 Bf6 27. Bb6 Nc6 28. Bxd8 Rxd8 29. Qd2 d5 30. cxd5 exd5 31. Bd3 Qd7 32. f5 gxf5 33. Ng5+ Kg6 34. Ne6 Nd4 35. Nxd4 Bxd4 36. Re7 Qc6 37. Bxf5+ Bxf5 38. Qxd4 Rg8 39. Rf1 Be4 40. h4 b5 41. axb5 axb5 42. Rf2 1-0

[Event "ARM Ch"]
[Site "Erevan ARM"]
[Date "1996.??.??"]
[Round "12"]
[White "Minasian, Artashes"]
[Black "Minasian, Ara"]
[Result "1-0"]
[WhiteElo "2580"]
[BlackElo "2425"]
[PlyCount "39"]
[EventDate "1996.??.??"]
[Source "www.chesslib.no"]
[SourceDate "2004.05.04"]

1. e4 Nf6 2. e5 Nd5 3. g3 d6 4. exd6 Qxd6 5. Bg2 h5 6. d4 h4 7. c4 Nb4 8. a3 Qa6 9. Nc3 c5 10. Be3 N4c6 11. Nb5 Qa5+ 12. b4 cxb4 13. axb4 Qd8 14. d5 Ne5 15. Bf4 Nbd7 16. c5 f6 17. Nd4 Nb8 18. Be4 Qc7 19. Ne6 Bxe6 20. dxe6 1-0

[Event "TCh-SLO, Bled SLO"]
[Site "?"]
[Date "2001.??.??"]
[Round "4"]
[White "Sveshnikov, E."]
[Black "Grosar, A."]
[Result "1-0"]
[WhiteElo "2555"]
[BlackElo "2440"]
[PlyCount "77"]
[EventDate "2001.??.??"]
[Source "www.chesslib.no"]
[SourceDate "2004.05.04"]

1. e4 Nf6 2. e5 Nd5 3. c4 Nb6 4. c5 Nd5 5. Nc3 e6 6. d4 Nxc3 7. bxc3 b6 8. Qg4 bxc5 9. Bg5 Be7 10. Bxe7 Qxe7 11. Qxg7 Rf8 12. Nf3 cxd4 13. Nxd4 f6 14. exf6 Rxf6 15. Qg8+ Rf8 16. Qg3 e5 17. Nc2 Qc5 18. Rb1 Ba6 19. Bxa6 Nxa6 20. O-O O-O-O 21. Qd3 Rf6 22. Ne3 Rdf8 23. Rb2 Rd6 24. Qe4 Rb6 25. Rfb1 Nb8 26. Nd5 Rxb2 27. Rxb2 Nc6 28. g3 Qa3 29. Re2 Qc5 30. Kg2 Kd8 31. Nb4 Qxc3 32. Nxc6+ dxc6 33. f4 Kc8 34. Rc2 Qa5 35. Qxc6 exf4 36. Qe6+ Kd8 37. Rb2 f3+ 38. Kf1 c6 39. Qd6+ 1-0

[Event "Yerevan op"]
[Site "?"]
[Date "1996.??.??"]
[Round "6"]
[White "Sveshnikov Evgeny"]
[Black "Minasian Ara"]
[Result "1-0"]
[WhiteElo "2565"]
[BlackElo "2425"]
[PlyCount "119"]
[EventDate "1996.??.??"]
[Source "www.chesslib.no"]
[SourceDate "2004.05.04"]

1. e4 Nf6 2. e5 Nd5 3. c4 Nb6 4. c5 Nd5 5. Nc3 Nxc3 6. dxc3 Nc6 7. Nf3 e6 8. b4 d6 9. Bg5 Be7 10. Bxe7 Kxe7 11. Bb5 Nxe5 12. Nxe5 dxe5 13. Qh5 f6 14. Rd1 Qf8 15. O-O a6 16. Ba4 Qf7 17. Qe2 a5 18. b5 Bd7 19. c6 bxc6 20. Qc4 Rhd8 21. Qc5+ Ke8 22. bxc6 Bc8 23. Rxd8+ Kxd8 24. Rd1+ Ke8 25. Qb5 Ke7 26. Qd3 Qg8 27. h4 h5 28. Qg6 Qh8 29. Bb5 Qh6 30. Qd3 Qh8 31. a4 Kf7 32. Qe2 g6 33. Rd3 e4 34. Qxe4 e5 35. Rg3 Bf5 36. Bc4+ Ke8 37. Qd5 Qg7 38. Re3 Kf8 39. Re2 Qh7 40. Rb2 Kg7 41. Rb5 Kh8 42. Rxa5 Re8 43. Qd2 Qg7 44. Rd5 Qf8 45. a5 Be6 46. Rc5 Rd8 47. Bd5 Kg7 48. Rb5 Qd6 49. c4 Qxc6 50. Qb4 Bxd5 51. Qe7+ Bf7 52. Qxd8 Qxc4 53. Rb1 Qc2 54. Rd1 Qa4 55. Rb1 Qxa5 56. Rb8 g5 57. hxg5 Qe1+ 58. Kh2 Qxf2 59. Qh8+ Kg6 60. Qh6+ 1-0

[Event "Tch (Men) 2005/2006 CZE"]
[Site "?"]
[Date "2005.12.03"]
[Round "5"]
[White "Oral Tomas"]
[Black "Sergeev Vladimir"]
[Result "1/2-1/2"]
[WhiteElo "2550"]
[BlackElo "2436"]
[PlyCount "80"]
[EventDate "2005.??.??"]
[Source "www.chesslib.no"]
[SourceDate "2004.05.04"]

1. e4 Nf6 2. e5 Nd5 3. Nc3 c6 4. Qf3 Nb6 5. d4 d6 6. Bf4 Bf5 7. O-O-O e6 8. exd6 Bxd6 9. Nge2 Nd5 10. Bxd6 Qxd6 11. Ng3 Bg6 12. h4 h6 13. Nce4 Qc7 14. c4 Ne7 15. h5 Bh7 16. Rh4 Nd7 17. Rg4 O-O 18. Nf6+ Nxf6 19. Qxf6 Ng6 20. Qf3 Ne7 21. Qf6 Ng6 22. Qf3 Ne7 23. Qe3 Nf5 24. Qe5 Qxe5 25. dxe5 Rfd8 26. Nxf5 Rxd1+ 27. Kxd1 Bxf5 28. Rd4 c5 29. Rd7 Be4 30. f3 Bc6 31. Rc7 Rd8+ 32. Ke2 Kf8 33. Ke3 Rd1 34. Bd3 Re1+ 35. Kf4 a5 36. Rc8+ Ke7 37. Rc7+ Ke8 38. Rc8+ Ke7 39. Rc7+ Ke8 40. Rc8+ Ke7 1/2-1/2

[Event "Budapest"]
[Site "?"]
[Date "1995.??.??"]
[Round "?"]
[White "Certic, B."]
[Black "Varga, Zo"]
[Result "1-0"]
[WhiteElo "2450"]
[BlackElo "2535"]
[PlyCount "61"]
[EventDate "1995.??.??"]
[Source "ChessBase"]
[SourceDate "1995.10.01"]

1. e4 Nf6 2. e5 Nd5 3. g3 d6 4. exd6 Qxd6 5. Bg2 c5 6. Ne2 Nc6 7. O-O Bg4 8. h3 Bh5 9. Nbc3 Nxc3 10. bxc3 e5 11. f4 exf4 12. g4 f3 13. Bxf3 Bg6 14. d4 Be7 15. Bf4 Qd7 16. d5 Na5 17. d6 Bd8 18. Bg3 O-O 19. Nf4 Bf6 20. Nd5 Rae8 21. Nxf6+ gxf6 22. Bd5 Re3 23. Rf3 Rfe8 24. Kf2 Re2+ 25. Qxe2 Rxe2+ 26. Kxe2 Qa4 27. Re1 Nc4 28. d7 Qxd7 29. Bxc4 Bxc2 30. Rxf6 Qe7+ 31. Kd2 1-0

[Event "Bern op"]
[Site "Bern"]
[Date "1992.??.??"]
[Round "6"]
[White "Sveshnikov, Evgeny"]
[Black "Gluzman, Mikhail"]
[Result "0-1"]
[WhiteElo "2560"]
[BlackElo "2425"]
[PlyCount "70"]
[EventDate "1992.02.??"]
[Source "ChessBase"]

1. e4 Nf6 2. e5 Nd5 3. c4 Nb6 4. c5 Nd5 5. Nc3 c6 6. Bc4 e6 7. Qg4 f5 8. Qg3 b6 9. cxb6 axb6 10. Nge2 Ba6 11. d3 Qe7 12. O-O Qf7 13. Bxd5 cxd5 14. Na4 Nc6 15. Bd2 b5 16. Nac3 b4 17. Nd1 Be7 18. b3 O-O 19. Nb2 Bb5 20. Rfc1 Ra3 21. Qe3 f4 22. Nxf4 Bg5 23. g3 Qf5 24. Rxc6 Bxc6 25. Bxb4 d4 26. Qe2 Raa8 27. Bxf8 Rxf8 28. Ng2 Bf3 29. Qe1 h5 30. Qf1 h4 31. Nc4 Qg4 32. Ne1 hxg3 33. Nxf3 gxf2+ 34. Kh1 Qxf3+ 35. Qg2 f1=Q+ 0-1

[Event "Pittsburgh"]
[Site "?"]
[Date "1994.??.??"]
[Round "?"]
[White "Men, B."]
[Black "Shabalov, A."]
[Result "1/2-1/2"]
[WhiteElo "2385"]
[BlackElo "2600"]
[PlyCount "76"]
[EventDate "1994.??.??"]
[Source "ChessBase"]
[SourceDate "1994.06.01"]

1. e4 Nf6 2. e5 Nd5 3. Nc3 Nb6 4. a4 d6 5. a5 N6d7 6. exd6 cxd6 7. d4 g6 8. Be3 Bg7 9. Qd2 Nc6 10. d5 Nce5 11. h3 Nf6 12. g4 O-O 13. f4 Ned7 14. Nge2 b5 15. b4 Bb7 16. Bg2 e6 17. Rd1 Re8 18. O-O Nxd5 19. Nxd5 Bxd5 20. Bxd5 exd5 21. Rfe1 a6 22. Nc3 Qh4 23. Kg2 d4 24. Bf2 dxc3 25. Qxd6 Qd8 26. Qxd7 Qxd7 27. Rxd7 Rxe1 28. Bxe1 Re8 29. Bf2 Bf8 30. Bc5 Bxc5 31. bxc5 Rc8 32. Rd6 Rxc5 33. Rxa6 Rd5 34. Rb6 Rd2+ 35. Kf3 Rxc2 36. Rxb5 Rb2 37. Rc5 c2 38. a6 Ra2 1/2-1/2

[Event "Ciocaltea mem"]
[Site "Bucharest"]
[Date "1999.03.10"]
[Round "7"]
[White "Vajda, Levente"]
[Black "Conquest, Stuart"]
[Result "1-0"]
[WhiteElo "2484"]
[BlackElo "2488"]
[PlyCount "133"]
[EventDate "1999.03.04"]
[Source "ChessBase"]
[SourceDate "1999.06.08"]

1. e4 Nf6 2. e5 Nd5 3. Nf3 d6 4. Bc4 Nb6 5. Bb3 d5 6. d4 Bg4 7. h3 Bxf3 8. Qxf3 e6 9. O-O c5 10. c3 Nc6 11. Be3 Qh4 12. Rd1 Be7 13. Kh2 Bg5 14. g3 Qh6 15. Bxg5 Qxg5 16. Qe2 cxd4 17. cxd4 O-O 18. Nc3 f5 19. f4 Qe7 20. a3 g5 21. Qf2 Kh8 22. fxg5 Qxg5 23. Ne2 Rg8 24. Nf4 Qh6 25. Rac1 Rg5 26. Rc3 Rag8 27. Rdd3 R5g7 28. Bd1 Re7 29. Be2 Nd8 30. h4 Nc6 31. Rd1 Qf8 32. b4 Nd8 33. Rdc1 Nf7 34. Nh5 Qb8 35. g4 Nh6 36. g5 Nf7 37. Nf6 Rf8 38. Qg3 Nd8 39. b5 Rg7 40. h5 Nf7 41. g6 Nd6 42. Nxh7 Ne4 43. Nxf8 Nxg3 44. Rxg3 Qxf8 45. h6 Rh7 46. g7+ Qxg7 47. Rxg7 Rxh6+ 48. Kg3 Kxg7 49. Rc7+ Kg6 50. Rxb7 Rh7 51. Rb8 Kf7 52. Bd1 Nc4 53. a4 Kg6 54. Be2 Rc7 55. Re8 Nd2 56. Kf4 Nb3 57. Rxe6+ Kg7 58. Bh5 Nxd4 59. Rd6 Rc1 60. Rxd5 Rf1+ 61. Kg3 Nc2 62. Rd7+ Kh6 63. Be2 Re1 64. Bd3 Nb4 65. Kf4 Rd1 66. e6 Rxd3 67. e7 1-0

[Event "URS-sf"]
[Site "Daugavpils"]
[Date "1989.??.??"]
[Round "?"]
[White "Rozentalis, Eduardas"]
[Black "Kengis, Edvins"]
[Result "1/2-1/2"]
[WhiteElo "2505"]
[BlackElo "2465"]
[PlyCount "21"]
[EventDate "1989.11.??"]
[Source "ChessBase"]

1. e4 Nf6 2. e5 Nd5 3. c4 Nb6 4. c5 Nd5 5. Nc3 c6 6. Bc4 e6 7. d4 b6 8. cxb6 axb6 9. Nge2 Ba6 10. Bb3 d6 11. Nxd5 1/2-1/2

[Event "Crailsheim op"]
[Site "?"]
[Date "1999.05.24"]
[Round "6"]
[White "Karpatchev Aleksandr"]
[Black "Bagirov Vladimir"]
[Result "1/2-1/2"]
[WhiteElo "2477"]
[BlackElo "2493"]
[PlyCount "44"]
[EventDate "1999.??.??"]
[Source "www.chesslib.no"]
[SourceDate "2004.05.04"]

1. e4 Nf6 2. e5 Nd5 3. c4 Nb6 4. c5 Nd5 5. Bc4 e6 6. Nc3 Nxc3 7. dxc3 Nc6 8. Bf4 Qh4 9. Qd2 Nxe5 10. Be2 Ng6 11. Be3 d6 12. cxd6 Bxd6 13. Bb5+ Bd7 14. Bxd7+ Kxd7 15. Nf3 Qc4 16. b3 Qd5 17. Qe2 Ke7 18. Rd1 Qa5 19. O-O Rhe8 20. Ng5 h6 21. Ne4 Rad8 22. b4 Qa6 1/2-1/2

[Event "Europe vs Americas"]
[Site "Mermaid Beach"]
[Date "1998.02.03"]
[Round "9"]
[White "Sammour Hasbun, Jorge E"]
[Black "Baburin, Alexander"]
[Result "1/2-1/2"]
[WhiteElo "2370"]
[BlackElo "2600"]
[PlyCount "82"]
[EventDate "1998.01.26"]
[Source "ChessBase"]
[SourceDate "1998.03.09"]

1. e4 Nf6 2. e5 Nd5 3. c4 Nb6 4. c5 Nd5 5. d4 e6 6. Nc3 Nxc3 7. bxc3 d6 8. cxd6 cxd6 9. exd6 Bxd6 10. Nf3 Nd7 11. Bd3 h6 12. Qe2 O-O 13. O-O Re8 14. Re1 Rb8 15. Ne5 Qh4 16. Qf3 Bxe5 17. dxe5 Nc5 18. Ba3 Nxd3 19. Qxd3 b6 20. Bd6 Ra8 21. Re4 Qg5 22. h3 h5 23. Re3 Bb7 24. Rg3 Qh4 25. a4 Rac8 26. a5 bxa5 27. Rxa5 a6 28. Qb1 Bd5 29. Rxa6 Ra8 30. Rxa8 Rxa8 31. Qb4 Bc4 32. Qc5 Qe4 33. Kh2 Bd5 34. Qe3 h4 35. Rg4 Qxe3 36. fxe3 Ra2 37. e4 Bc6 38. Rxh4 Re2 39. Rg4 Bxe4 40. c4 Bf5 41. Rg3 Rc2 1/2-1/2

[Event "zt 2.5 men"]
[Site "Asuncion"]
[Date "2003.09.21"]
[Round "7"]
[White "Campora, Daniel Hugo"]
[Black "Labollita, Martin"]
[Result "1-0"]
[WhiteElo "2510"]
[BlackElo "2454"]
[PlyCount "119"]
[EventDate "2003.09.13"]
[Source "Roberto Alvarez"]
[SourceDate "2003.09.29"]

1. e4 Nf6 2. e5 Nd5 3. c4 Nb6 4. c5 Nd5 5. Nc3 Nxc3 6. dxc3 e6 7. Qg4 Qe7 8. Be3 b6 9. b4 Bb7 10. Nf3 f6 11. Bb5 Nc6 12. O-O Qf7 13. Rfe1 Qg6 14. Qh3 h5 15. exf6 gxf6 16. Nd4 Qg4 17. Qg3 O-O-O 18. cxb6 cxb6 19. Be2 Qxg3 20. fxg3 h4 21. gxh4 Rxh4 22. Bf2 Rh8 23. Bf3 e5 24. Nf5 d6 25. Bh4 Rg8 26. Bxf6 Rd7 27. g3 Rg6 28. Bh4 Ne7 29. Bxb7+ Kxb7 30. Bxe7 Bxe7 31. Rad1 Kc6 32. c4 b5 33. cxb5+ Kxb5 34. Rd5+ Kc6 35. Red1 a6 36. a4 Rg4 37. Nxe7+ Rxe7 38. Rxd6+ Kb7 39. Rd7+ Rxd7 40. Rxd7+ Kc6 41. Re7 Kd5 42. Rb7 Rc4 43. a5 Kd4 44. b5 axb5 45. Rxb5 e4 46. g4 Ke3 47. Rf5 Kd2 48. Kg2 e3 49. Rd5+ Ke1 50. h3 Rc2+ 51. Kg3 Rd2 52. Re5 e2 53. g5 Kf1 54. h4 Rd5 55. Re4 e1=Q+ 56. Rxe1+ Kxe1 57. g6 Rxa5 58. g7 Ra8 59. h5 Ke2 60. h6 1-0

[Event "XII Guillermo Garcia Prem II"]
[Site "Santa Clara"]
[Date "2004.05.24"]
[Round "4"]
[White "Gonzalez, Yuri"]
[Black "Nogueiras, Jesus"]
[Result "0-1"]
[WhiteElo "2481"]
[BlackElo "2482"]
[PlyCount "80"]
[EventDate "2004.05.20"]
[Source "Roberto Alvarez"]
[SourceDate "2004.06.07"]

1. e4 Nf6 2. e5 Nd5 3. Nc3 e6 4. Nxd5 exd5 5. d4 d6 6. Nf3 Nc6 7. c3 Be7 8. Bd3 a6 9. h3 Be6 10. Bf4 g5 11. Bg3 Qd7 12. exd6 cxd6 13. h4 gxh4 14. Bxh4 O-O-O 15. Qd2 Rdg8 16. Rh2 Rg4 17. O-O-O h5 18. Rdh1 Bxh4 19. Nxh4 Kb8 20. g3 Rc8 21. Kb1 Na5 22. Qh6 Nc4 23. Bxc4 dxc4 24. Qxh5 Rcg8 25. Re1 Qa4 26. Rhh1 R8g5 27. Qh8+ Ka7 28. Qd8 Ra5 29. a3 Rxd4 30. cxd4 c3 31. Qxd6 Rb5 32. Re2 Qb3 33. d5 Bxd5 34. Qf4 Qa2+ 35. Kc2 Rxb2+ 36. Kd3 Rxe2 37. Rc1 Be4+ 38. Kxc3 Qb2+ 39. Kc4 Qb5+ 40. Kd4 Qd5+ 0-1

[Event "BCF-ch 86th"]
[Site "Scarborough"]
[Date "1999.08.03"]
[Round "3"]
[White "Heidenfeld, Mark"]
[Black "Baburin, Alexander"]
[Result "1/2-1/2"]
[WhiteElo "2368"]
[BlackElo "2593"]
[PlyCount "150"]
[EventDate "1999.08.05"]
[Source "ChessBase"]
[SourceDate "1999.09.14"]

1. e4 Nf6 2. e5 Nd5 3. Nc3 Nxc3 4. bxc3 d5 5. d4 c5 6. Nf3 Nc6 7. Be2 Bg4 8. O-O e6 9. Be3 Be7 10. h3 Bh5 11. Nh2 Bg6 12. Nf3 O-O 13. Bd3 Qa5 14. a3 c4 15. Bxg6 fxg6 16. a4 h6 17. Bd2 g5 18. Nh2 Qd8 19. Qg4 Rf5 20. h4 Qe8 21. hxg5 Bxg5 22. f4 Be7 23. Rf3 h5 24. Qh3 Qg6 25. Nf1 Raf8 26. Ng3 R5f7 27. f5 Qg4 28. Qxh5 Qxh5 29. Nxh5 Rxf5 30. Rxf5 Rxf5 31. g4 Rf7 32. Rd1 g5 33. Kg2 Kh7 34. Rb1 b6 35. Ra1 Kg6 36. Bc1 Nb8 37. Ba3 Bxa3 38. Rxa3 a5 39. Ra1 Nd7 40. Rb1 Rf8 41. Rh1 b5 42. axb5 a4 43. Rb1 Nb6 44. Ra1 Ra8 45. Ng3 Ra5 46. Rb1 Kf7 47. Ne2 Ke7 48. Ng1 Kd7 49. Kf2 a3 50. Ra1 Na8 51. Ke3 Nc7 52. b6 Nb5 53. b7 Kc7 54. Nf3 Kxb7 55. Nxg5 Nxc3 56. Kd2 Ne4+ 57. Nxe4 dxe4 58. g5 Kc6 59. g6 Ra7 60. Ke3 Kb5 61. Kxe4 Kb4 62. d5 exd5+ 63. Kxd5 Rg7 64. e6 Rxg6 65. e7 Rg8 66. Ra2 Rb8 67. Kd6 Kc3 68. Kd7 Kd2 69. e8=Q Rxe8 70. Kxe8 c3 71. Kd7 Kc1 72. Kc6 Kb1 73. Rxa3 Kxc2 74. Kb5 Kb2 75. Rxc3 Kxc3 1/2-1/2

[Event "Nova Gorica op"]
[Site "Nova Gorica"]
[Date "1999.01.30"]
[Round "3"]
[White "Sveshnikov, Evgeny"]
[Black "Laketic, Gojko"]
[Result "1/2-1/2"]
[WhiteElo "2563"]
[BlackElo "2396"]
[PlyCount "90"]
[EventDate "1999.01.28"]
[Source "ChessBase"]
[SourceDate "1999.03.01"]

1. e4 Nf6 2. e5 Nd5 3. c4 Nb6 4. c5 Nd5 5. Nc3 e6 6. d4 Nxc3 7. bxc3 b6 8. Qg4 d5 9. cxd6 cxd6 10. Nf3 Qc7 11. Bd2 d5 12. a4 Ba6 13. Bxa6 Nxa6 14. O-O Qd7 15. Rfc1 Rc8 16. Be3 Rc6 17. Nd2 Nc7 18. c4 dxc4 19. Rxc4 Rxc4 20. Nxc4 Nd5 21. Rc1 h5 22. Qg3 g6 23. Bg5 Bb4 24. Ne3 O-O 25. Nxd5 Qxd5 26. Qf4 Ba3 27. Rc7 Bc5 28. Bh6 Qxd4 29. Qxd4 Bxd4 30. Bxf8 Kxf8 31. Rxa7 Bxe5 32. Kf1 Bd4 33. Ke2 Kg7 34. f4 Bg1 35. h3 b5 36. Ra8 bxa4 37. Rxa4 Kf6 38. Kf3 Bc5 39. Ra5 Bb6 40. Rb5 Bg1 41. g4 hxg4+ 42. hxg4 Bd4 43. Ke4 Bc3 44. Kd3 Be1 45. g5+ Kg7 1/2-1/2

[Event "Pardubice Czech op"]
[Site "Pardubice"]
[Date "2002.07.26"]
[Round "8"]
[White "Oral, Tomas"]
[Black "Pribyl, Josef"]
[Result "1-0"]
[WhiteElo "2549"]
[BlackElo "2409"]
[PlyCount "61"]
[EventDate "2002.07.19"]
[Source "ChessBase"]
[SourceDate "2002.09.11"]

1. e4 Nf6 2. e5 Nd5 3. Nc3 e6 4. Nxd5 exd5 5. Qf3 c6 6. d4 d6 7. Bd3 dxe5 8. dxe5 Be6 9. Qg3 Na6 10. Nf3 Nb4 11. O-O Nxd3 12. cxd3 Qd7 13. Be3 c5 14. a3 Bf5 15. Rfc1 d4 16. Bd2 a5 17. b4 Ra6 18. bxc5 Be7 19. Qxg7 Rf8 20. c6 bxc6 21. Rab1 Ra8 22. e6 fxe6 23. Ne5 Qd5 24. Rb7 Bf6 25. Bg5 Bxg7 26. Re7+ Kd8 27. Nxc6+ Kc8 28. Nb4+ Kb8 29. Nxd5 Bxd3 30. Rxg7 exd5 31. Be7 1-0

[Event "EU-ch 2nd"]
[Site "Ohrid"]
[Date "2001.06.04"]
[Round "4"]
[White "Galego, Luis"]
[Black "Tischbierek, Raj"]
[Result "1-0"]
[WhiteElo "2429"]
[BlackElo "2527"]
[PlyCount "85"]
[EventDate "2001.06.01"]
[Source "ChessBase"]
[SourceDate "2001.09.13"]

1. e4 Nf6 2. e5 Nd5 3. Nc3 Nxc3 4. dxc3 d5 5. Nf3 Bg4 6. h3 Bxf3 7. Qxf3 e6 8. Qg3 c5 9. c4 Nc6 10. cxd5 Qxd5 11. Bb5 O-O-O 12. O-O Nd4 13. Bd3 c4 14. c3 cxd3 15. cxd4 Qxd4 16. Be3 Qa4 17. Rfd1 Rd7 18. b3 Qa6 19. Rac1+ Kb8 20. Rc4 Qxa2 21. Ra4 Qxb3 22. Bxa7+ Kc8 23. Raa1 Ba3 24. Qxg7 Rhd8 25. Be3 Kb8 26. Qxh7 Bb2 27. Rab1 d2 28. Qe4 Rd5 29. Qf4 R8d7 30. h4 Qc2 31. Qb4 Bxe5 32. g3 Qc3 33. Qf8+ Rd8 34. Qxf7 Qc6 35. Rb6 Qc7 36. Qxc7+ Kxc7 37. Rxe6 Bc3 38. Rb6 R8d6 39. Rb3 Rc6 40. h5 b5 41. h6 Rh5 42. Kg2 Kb7 43. g4 1-0

[Event "Lone Pine"]
[Site "Lone Pine"]
[Date "1980.??.??"]
[Round "4"]
[White "Ivanovic, Bozidar"]
[Black "Alburt, Lev O"]
[Result "1/2-1/2"]
[WhiteElo "2440"]
[BlackElo "2515"]
[PlyCount "104"]
[EventDate "1980.03.??"]
[Source "ChessBase"]

1. e4 Nf6 2. e5 Nd5 3. Bc4 Nb6 4. Bb3 d5 5. d4 Bf5 6. a4 e6 7. Nf3 c5 8. c3 Nc6 9. O-O Be7 10. dxc5 Nd7 11. Nd4 Bxb1 12. Rxb1 Ndxe5 13. f4 Nd7 14. f5 e5 15. Ne6 Bxc5+ 16. Nxc5 Nxc5 17. Bxd5 Ne7 18. Bxf7+ Kxf7 19. Qh5+ Kg8 20. f6 Ng6 21. fxg7 Kxg7 22. Bh6+ Kg8 23. Qf3 Qe7 24. Rbd1 Ne6 25. Qg4 Re8 26. b4 b6 27. g3 a5 28. Rd5 Rf8 29. Bxf8 Nexf8 30. h4 h5 31. Rxf8+ Kg7 32. Qxg6+ Kxg6 33. Rxh8 axb4 34. Rg8+ Kf6 35. Rc8 Kf5 36. Rd1 b3 37. Rf8+ Kg4 38. Rdf1 Kh3 39. R8f2 Qc5 40. Kh1 Qxc3 41. g4 Qc6+ 42. Kg1 hxg4 43. Rh2+ Kg3 44. h5 Qc5+ 45. Kh1 Qd5+ 46. Kg1 Qd4+ 47. Kh1 b2 48. Rg2+ Kh4 49. Rb1 Qe4 50. Rbxb2 g3 51. Rb3 Qe1+ 52. Rg1 Qe4+ 1/2-1/2

[Event "Moscow GM5"]
[Site "Moscow"]
[Date "1996.??.??"]
[Round "?"]
[White "Zaitsev, Igor A"]
[Black "Maljutin, Evgeni"]
[Result "1-0"]
[WhiteElo "2460"]
[BlackElo "2495"]
[PlyCount "38"]
[EventDate "1996.??.??"]
[Source "www.chesslib.no"]
[SourceDate "2004.05.04"]

1. e4 Nf6 2. e5 Nd5 3. Nc3 Nxc3 4. bxc3 c5 5. Nf3 d5 6. exd6 Qxd6 7. d4 cxd4 8. cxd4 Bg4 9. Rb1 Qc7 10. h3 Bxf3 11. Qxf3 Nc6 12. d5 Nd4 13. Bb5+ Nxb5 14. Rxb5 Qxc2 15. O-O Qc7 16. d6 Qxd6 17. Rxb7 Rc8 18. Ba3 Qf6 19. Qg4 e6 1-0

[Event "Steinitz mem-A 1st"]
[Site "Prague"]
[Date "2000.12.26"]
[Round "1"]
[White "Chernyshov, Konstantin"]
[Black "Santo Roman, Marc"]
[Result "1-0"]
[WhiteElo "2536"]
[BlackElo "2418"]
[PlyCount "59"]
[EventDate "2000.12.26"]
[Source "ChessBase"]
[SourceDate "2001.03.20"]

1. e4 Nf6 2. e5 Nd5 3. c4 Nb6 4. d4 d6 5. exd6 cxd6 6. Nc3 g6 7. Be3 Bg7 8. Rc1 O-O 9. b3 Nc6 10. d5 Ne5 11. Be2 a5 12. f4 Ned7 13. Nf3 Nc5 14. Nd4 Re8 15. O-O e5 16. Ndb5 Bf5 17. g4 Bc8 18. f5 e4 19. Bd4 Be5 20. f6 Nbd7 21. g5 h6 22. Qd2 Nf8 23. Bxc5 dxc5 24. Nxe4 Bxh2+ 25. Kxh2 Rxe4 26. Bf3 Re5 27. Rce1 Rxg5 28. Re7 Rf5 29. Qxh6 Rxf6 30. Re4 1-0

[Event "Budapest FS02 GM"]
[Site "Budapest"]
[Date "2002.02.08"]
[Round "7"]
[White "Sedlak, Nikola"]
[Black "Varga, Zoltan"]
[Result "1/2-1/2"]
[WhiteElo "2442"]
[BlackElo "2510"]
[PlyCount "44"]
[EventDate "2002.02.02"]
[Source "ChessBase"]
[SourceDate "2002.03.14"]

1. e4 Nf6 2. e5 Nd5 3. Nc3 Nb6 4. d4 d5 5. f4 h5 6. Nf3 g6 7. Bd3 Bg4 8. h3 Bxf3 9. Qxf3 Nc6 10. Qf2 e6 11. a3 h4 12. Ne2 Ne7 13. O-O Nf5 14. b3 a5 15. a4 c6 16. Rd1 Nc8 17. Bxf5 gxf5 18. Be3 Ne7 19. Nc1 Ng6 20. Nd3 Be7 21. Bd2 O-O 22. Qf3 Kg7 1/2-1/2